A vida e a obra de Darwin (Record no. 45491)

MARC details
000 -Etiqueta do registo
Valores 00637cam a2200217 4500
100 ## - Dados gerais de processamento
Dados gerais 19900326d1943 m y0pory5003 ba
101 0# - Língua de publicação
Língua por
102 ## - País de publicação
País PT
200 1# - Titulo e menção de responsabilidade
Título próprio A vida e a obra de Darwin
Primeira menção de responsabilidade Alberto Candeias
210 #9 - Publicação
Local de publicação Lisboa
Nome do editor Edições Cosmos,
Data de publicação [imp. 1941]
215 ## - Descrição física 
Paginação / Volumes 127, [1] p.
Outras indicações físicas il.
Dimensões 19 cm
225 2# - Colecção 
Título próprio da colecção Biblioteca Cosmos
Indicação de volume 6
Número de parte ou secção 5.ª Seccão.
Nome de parte ou secção Biografias
Indicação de volume 1
600 ## - Nome de pessoa usado como assunto
Apelido Darwin,
Nome Charles
675 ## - CDU
Notação 929Darwin, Charles
Edição BN
Língua por
675 ## - CDU
Notação 575.8
Edição BN
Língua por
700 #1 - Autor principal
Apelido Candeias,
Nome Alberto,
Datas 1891-1972
702 #1 - Autor secundário
Apelido Darwin,
Nome Charles,
Datas 1809-1882
Função 100
801 #0 - Fonte de origem
País PT
Agência BN
Regras de catalogação RPC
990 ## - Elementos KOHA
Tipo de documento Livro
Holdings
Aquisição Empréstimo Código de barras Cota Permissão de empréstimo Tipo de documento Nota relativa ao exemplar
Biblioteca Municipal de Redondo Biblioteca Municipal de Redondo 056201 929 DAR Consulta presencial Livro oferta de Vergílio Ambrósio

Powered by Koha